000 00443nam a2200181Ia 4500
001 1981
005 20260306143808.0
008 260306t2017||||xx |||||||||||||| ||spa||
041 _aESP
082 _a158.7
_bW42
100 _aWeigle, Cristina
_eAUT
245 0 _aPsicología laboral:
_bexplorando prácticas actuales
260 _c2017
300 _a376 páginas :
_c22 cm.
650 _aGEN
654 _aCPS
942 _cLIB
_dJUS
_fJUS
_2ddc
_n
999 _c1981
_d1981